[Event "zonal 1.8"]
[Site "Mykolaiv  UKR"]
[Date "1995.03.??"]
[Round "5"]
[White "Kruppa, Yury"]
[Black "Krivoshei, Sergei"]
[Result "1/2-1/2"]
[WhiteElo "2555"]
[BlackElo "2420"]
[EventDate "1995.03.17"]
[PlyCount "82"]

1.e4 e6 2.d4 d5 3.Nc3 Bb4 4.e5 c5 5.a3 Bxc3+ 6.bxc3 Qa5 7.Bd2 Qa4 8.Qb1 c4
9.Nh3 Nc6 10.g3 Bd7 11.Nf4 O-O-O 12.Bh3 h5 13.Qd1 h4 14.g4 f6 15.O-O Nge7 
16.exf6 gxf6 17.g5 Rdg8 18.Nxe6 b6 19.Kh1 fxg5 20.Bg4 Nd8 21.Nxg5 Kb7 22.
Rg1 Ka6 23.Be3 Bxg4 24.Rxg4 Rf8 25.Nf3 Nf5 26.Bf4 Rhg8 27.Rxg8 Rxg8 28.Ne5
Ne6 29.Bd2 Nd6 30.f3 h3 31.Ng4 Qe8 32.Qe2 Qg6 33.Rg1 Qf5 34.Bc1 Re8 35.Qf1
Qxc2 36.Qxh3 Qxc3 37.Nf6 Rh8 38.Qxh8 Qxf3+ 39.Rg2 Qf1+ 40.Rg1 Qf3+ 41.Rg2 
Qf1+ 1/2-1/2

[Event "zonal 1.8"]
[Site "Mykolaiv  UKR"]
[Date "1995.03.??"]
[Round "5"]
[White "Golubev, Mikhail"]
[Black "Zulfugarli, Mahomed"]
[Result "1-0"]
[WhiteElo "2570"]
[BlackElo "2400"]
[EventDate "1995.03.17"]
[PlyCount "89"]

1.e4 e5 2.Nf3 Nc6 3.Nc3 Nf6 4.g3 Bc5 5.Bg2 d6 6.d3 a6 7.O-O h6 8.Be3 Bg4 
9.h3 Bxf3 10.Qxf3 Nd4 11.Qd1 c6 12.Qd2 Bb6 13.Kh2 Ne6 14.Ne2 d5 15.exd5 
Nxd5 16.Bxb6 Qxb6 17.Nc3 Nf6 18.Rae1 Nd7 19.f4 exf4 20.Qxf4 O-O 21.Qc1 
Rae8 22.Re2 Qc7 23.Ref2 Nd4 24.Rf4 Qd6 25.Qd2 Ne6 26.Rf5 g6 27.Ne4 Qd4 28.
c3 Qg7 29.R5f2 f5 30.Nd6 Rb8 31.d4 Ng5 32.Re2 Nf6 33.Rfe1 Qd7 34.Nc4 Nfe4 
35.Qc1 Rbe8 36.h4 Nf7 37.Bxe4 fxe4 38.Nd2 Nd6 39.Nxe4 Qg4 40.Nf6+ Rxf6 41.
Rxe8+ Nxe8 42.Rxe8+ Kf7 43.Qe3 Qd7 44.Rh8 Qe6 45.Rh7+ 1-0

[Event "zonal 1.8"]
[Site "Mykolaiv  UKR"]
[Date "1995.03.??"]
[Round "5"]
[White "Milov, Leonid"]
[Black "Ovseevich, Sergei"]
[Result "1/2-1/2"]
[WhiteElo "2525"]
[BlackElo "2370"]
[EventDate "1995.03.17"]
[PlyCount "35"]

1.e4 c5 2.Nf3 d6 3.d4 cxd4 4.Nxd4 Nf6 5.Nc3 g6 6.Be3 Bg7 7.f3 O-O 8.Qd2 
Nc6 9.O-O-O d5 10.Kb1 Rb8 11.Nb3 dxe4 12.Qxd8 Rxd8 13.Rxd8+ Nxd8 14.Bxa7 
Ra8 15.Bb6 Bf5 16.Be2 Nc6 17.Rd1 Nd7 18.Bd4 1/2-1/2

[Event "zonal 1.8"]
[Site "Mykolaiv  UKR"]
[Date "1995.03.??"]
[Round "5"]
[White "Vartapetian, Armen"]
[Black "Koutsin, Serhiy"]
[Result "0-1"]
[WhiteElo "2375"]
[BlackElo "2435"]
[EventDate "1995.03.17"]
[PlyCount "60"]

1.e4 e6 2.d4 d5 3.Nd2 Nf6 4.e5 Nfd7 5.c3 c5 6.f4 cxd4 7.cxd4 Nc6 8.Ndf3 
Nb6 9.Bd3 a5 10.Ne2 h5 11.O-O Bd7 12.Nc3 g6 13.a3 a4 14.Be3 Na5 15.Qe2 Rc8
16.Qc2 Rg8 17.Rae1 Nbc4 18.Bf2 Be7 19.h3 h4 20.Re2 Nb3 21.Bxc4 Rxc4 22.Qd3
Kf8 23.Ng5 Rh8 24.Nf3 Qc7 25.Rc2 Kg7 26.Kh2 b5 27.f5 gxf5 28.Nxh4 Rxh4 29.
Bxh4 Bxh4 30.Rf4 Nxd4 0-1

[Event "zonal 1.8"]
[Site "Mykolaiv  UKR"]
[Date "1995.03.??"]
[Round "5"]
[White "Muchnik, Larisa"]
[Black "Iordachescu, Viorel"]
[Result "0-1"]
[WhiteElo "2250"]
[BlackElo "2425"]
[EventDate "1995.03.17"]
[PlyCount "82"]

1.d4 Nf6 2.c4 d6 3.Nc3 Nbd7 4.e4 e5 5.d5 Nc5 6.Qc2 a5 7.Be2 Be7 8.h3 O-O 
9.g4 c6 10.Be3 cxd5 11.cxd5 Bd7 12.Nf3 Rc8 13.g5 Ne8 14.Qd2 b5 15.Bd3 b4 
16.Ne2 Qb6 17.Rc1 Nxd3+ 18.Qxd3 Rxc1+ 19.Nxc1 Qb7 20.Ne2 f5 21.gxf6 Nxf6 
22.Nd2 Bb5 23.Qb1 Rc8 24.Ng3 Qc7 25.f3 Qc2 26.Kf2 Qxb1 27.Rxb1 Bd3 28.Rg1 
Kf7 29.a3 bxa3 30.bxa3 Rc2 31.Nf5 Bf8 32.h4 Nxd5 33.Nh6+ gxh6 34.exd5 Bc4 
35.Rb1 Bxd5 36.Rb5 Bc6 37.Rxa5 d5 38.Ra7+ Kg6 39.Ke2 d4 40.Kd1 dxe3 41.
Kxc2 e2 0-1

[Event "zonal 1.8"]
[Site "Mykolaiv  UKR"]
[Date "1995.03.??"]
[Round "6"]
[White "Romanishin, Oleg"]
[Black "Fedorov, Alexei"]
[Result "1/2-1/2"]
[WhiteElo "2595"]
[BlackElo "2495"]
[EventDate "1995.03.17"]
[PlyCount "57"]

1.d4 Nf6 2.Nf3 g6 3.g3 Bg7 4.Bg2 O-O 5.O-O d6 6.c4 c5 7.b3 Nc6 8.Bb2 Ne4 
9.Nbd2 Bf5 10.Nh4 Nxd2 11.Qxd2 Bd7 12.d5 Qa5 13.Qc1 Nd4 14.Re1 b5 15.e3 
Nf5 16.Nxf5 Bxf5 17.Bxg7 Kxg7 18.cxb5 Bd7 19.a4 a6 20.Bf1 Rfb8 21.Qb2+ f6 
22.Rec1 Kf8 23.h4 axb5 24.axb5 Qb4 25.Rxa8 Rxa8 26.Ra1 Rb8 27.Ra4 Qe1 28.
Ra1 Qb4 29.Ra4 1/2-1/2

[Event "zonal 1.8"]
[Site "Mykolaiv  UKR"]
[Date "1995.03.??"]
[Round "6"]
[White "Stripunsky, Alexander"]
[Black "Krivoshei, Sergei"]
[Result "1-0"]
[WhiteElo "2495"]
[BlackElo "2420"]
[EventDate "1995.03.17"]
[PlyCount "71"]

1.e4 e6 2.d4 d5 3.Nc3 Bb4 4.e5 c5 5.a3 Bxc3+ 6.bxc3 Qa5 7.Bd2 Qa4 8.Nf3 
Nc6 9.dxc5 f6 10.Nd4 Nxd4 11.cxd4 Qxd4 12.Bb5+ Kf7 13.O-O Qxe5 14.c4 d4 
15.Re1 Qc7 16.Qh5+ g6 17.Qh4 Ne7 18.Qxd4 Nf5 19.Qe4 Rd8 20.Bc3 e5 21.c6 
Nd4 22.Qh4 h5 23.f4 bxc6 24.fxe5 fxe5 25.Ba4 Bf5 26.Kh1 Qd6 27.Qg3 Kf6 28.
c5 Qxc5 29.Rac1 Qd5 30.Bb3 Qb5 31.a4 Qb8 32.Bxd4 Rxd4 33.Rxc6+ Kg7 34.Rxe5
Qf8 35.Rc7+ Kh8 36.Ree7 1-0

[Event "zonal 1.8"]
[Site "Mykolaiv  UKR"]
[Date "1995.03.??"]
[Round "6"]
[White "Vartapetian, Armen"]
[Black "Kochetkov, German"]
[Result "0-1"]
[WhiteElo "2375"]
[BlackElo "2465"]
[EventDate "1995.03.17"]
[PlyCount "42"]

1.e4 c5 2.Nf3 Nc6 3.d4 cxd4 4.Nxd4 Nf6 5.Nc3 e5 6.Ndb5 d6 7.Bg5 a6 8.Bxf6 
gxf6 9.Na3 b5 10.Nd5 Bg7 11.Bd3 Ne7 12.c4 Nxd5 13.exd5 f5 14.Qd2 e4 15.Be2
Qf6 16.Rb1 f4 17.O-O f3 18.Bd1 O-O 19.Re1 Qg6 20.g3 f5 21.Nc2 bxc4 0-1

[Event "zonal 1.8"]
[Site "Mykolaiv  UKR"]
[Date "1995.03.??"]
[Round "6"]
[White "Rakhmangulov, Andrei"]
[Black "Rogozenko, Dorian"]
[Result "1/2-1/2"]
[WhiteElo "2360"]
[BlackElo "2440"]
[EventDate "1995.03.17"]
[PlyCount "23"]

1.d4 d5 2.c4 c6 3.e3 Nf6 4.Bd3 e5 5.Nc3 e4 6.Bb1 Bd6 7.h3 a6 8.Bd2 b5 9.
cxd5 cxd5 10.a3 Nc6 11.Nge2 O-O 12.Ba2 1/2-1/2

[Event "zonal 1.8"]
[Site "Mykolaiv  UKR"]
[Date "1995.03.??"]
[Round "7"]
[White "Golubev, Mikhail"]
[Black "Koutsin, Serhiy"]
[Result "1/2-1/2"]
[WhiteElo "2570"]
[BlackElo "2435"]
[EventDate "1995.03.17"]
[PlyCount "49"]

1.e4 e6 2.d4 d5 3.Nc3 Bb4 4.e5 c5 5.a3 Bxc3+ 6.bxc3 Qa5 7.Bd2 Qa4 8.Qb1 c4
9.Nh3 Nc6 10.Be2 Bd7 11.O-O O-O-O 12.Nf4 f6 13.Bg4 f5 14.Be2 Nge7 15.h4 g6
16.Nh3 h6 17.Qc1 Ng8 18.Re1 Rf8 19.Rb1 Rf7 20.Qb2 b6 21.Qc1 Rfh7 22.Bf3 
Nge7 23.g3 Be8 24.Bg2 Bf7 25.Rf1 1/2-1/2

[Event "zonal 1.8"]
[Site "Mykolaiv  UKR"]
[Date "1995.03.??"]
[Round "7"]
[White "Krivoshei, Sergei"]
[Black "Komliakov, Viktor"]
[Result "0-1"]
[WhiteElo "2420"]
[BlackElo "2535"]
[EventDate "1995.03.17"]
[PlyCount "98"]

1.d4 d5 2.c4 c6 3.Nf3 Nf6 4.e3 Bg4 5.Qb3 Qb6 6.Ne5 Be6 7.Nc3 Nbd7 8.Nxd7 
Bxd7 9.Bd3 dxc4 10.Bxc4 Qxb3 11.axb3 e6 12.O-O Be7 13.e4 O-O 14.Be3 Rfd8 
15.f3 b5 16.Be2 a5 17.g4 Be8 18.g5 Nd7 19.f4 a4 20.bxa4 b4 21.Nd1 c5 22.d5
exd5 23.exd5 Nb6 24.b3 Nxd5 25.Bc4 Bc6 26.Re1 Bd6 27.Rf1 Re8 28.Bc1 Re4 
29.Nf2 Rd4 30.f5 Nc3 31.Re1 Bd5 32.Be3 Rh4 33.Bxd5 Nxd5 34.h3 Be5 35.Rad1 
Nxe3 36.Rxe3 Bd4 37.Rf3 Rh5 38.Rg3 h6 39.gxh6 Rxf5 40.Rxd4 cxd4 41.Nd3 g6 
42.Nxb4 Rc5 43.Rd3 Rc3 44.Kg2 Kh7 45.Rxd4 Rxb3 46.Nd3 Kxh6 47.h4 Ra5 48.
Kf2 Ra3 49.Nb2 Rc5 0-1

[Event "zonal 1.8"]
[Site "Mykolaiv  UKR"]
[Date "1995.03.??"]
[Round "7"]
[White "Kochetkov, German"]
[Black "Iordachescu, Viorel"]
[Result "0-1"]
[WhiteElo "2465"]
[BlackElo "2425"]
[EventDate "1995.03.17"]
[PlyCount "82"]

1.e4 c5 2.Nf3 e6 3.b3 Nf6 4.e5 Nd5 5.Bb2 d6 6.exd6 Nf6 7.Na3 Bxd6 8.Nb5 
Be7 9.Be5 Na6 10.d4 O-O 11.a3 Bd7 12.dxc5 Nxc5 13.Bc7 Qc8 14.Bd6 Bxd6 15.
Nxd6 Qc7 16.b4 Na4 17.c4 Rfd8 18.c5 b6 19.Qc2 bxc5 20.Nb5 Qf4 21.Qxa4 a6 
22.Qc2 Bxb5 23.Bxb5 axb5 24.bxc5 Qe4+ 25.Qxe4 Nxe4 26.O-O Nxc5 27.Rab1 
Rxa3 28.Rxb5 Ne4 29.Ng5 Nd2 30.Re1 h6 31.Nh3 Rxh3 32.gxh3 Nf3+ 33.Kf1 Nxe1
34.Kxe1 Rd3 35.Rh5 Kh7 36.f4 Kg6 37.Rh4 f5 38.Kf2 h5 39.Kg2 Kh6 40.Kf2 g6 
41.Kg2 Kg7 0-1

[Event "zonal 1.8"]
[Site "Mykolaiv  UKR"]
[Date "1995.03.??"]
[Round "7"]
[White "Ovseevich, Sergei"]
[Black "Guliev, Sarkhan"]
[Result "0-1"]
[WhiteElo "2370"]
[BlackElo "2470"]
[EventDate "1995.03.17"]
[PlyCount "66"]

1.d4 d5 2.c4 c6 3.e3 e6 4.Nc3 f5 5.g4 Nf6 6.gxf5 exf5 7.Qb3 dxc4 8.Bxc4 
Bd6 9.Nf3 Qe7 10.Bd2 b5 11.Bd3 Be6 12.Qc2 b4 13.Na4 Bd5 14.Be2 Ne4 15.Rf1 
Nd7 16.O-O-O Nb6 17.Kb1 O-O 18.Ka1 Qf7 19.Nc5 a5 20.Ne5 Bxe5 21.dxe5 Qe7 
22.Nd3 b3 23.Qc1 bxa2 24.Qc2 Nxd2 25.Qxd2 Nc4 26.Qc3 Rab8 27.Nf4 Nxb2 28.
Nxd5 cxd5 29.Rxd5 Rfc8 30.Qd2 Qa3 31.Rxa5 Na4 32.Bb5 Qb3 33.Rxa4 Qxb5 0-1

[Event "zonal 1.8"]
[Site "Mykolaiv  UKR"]
[Date "1995.03.??"]
[Round "7"]
[White "Zulfugarli, Mahomed"]
[Black "Vartapetian, Armen"]
[Result "1-0"]
[WhiteElo "2400"]
[BlackElo "2375"]
[EventDate "1995.03.17"]
[PlyCount "63"]

1.e4 e6 2.d4 d5 3.Nc3 Nf6 4.e5 Nfd7 5.f4 c5 6.Nf3 Nc6 7.Be3 cxd4 8.Nxd4 
Bc5 9.Qd2 Bxd4 10.Bxd4 Nxd4 11.Qxd4 Qb6 12.O-O-O Qxd4 13.Rxd4 Ke7 14.Bd3 
Nb8 15.f5 Nc6 16.Rg4 Nxe5 17.Rxg7 d4 18.Nb5 Nxd3+ 19.cxd3 e5 20.Nc7 Rb8 
21.Rf1 Kf6 22.Rg3 Rd8 23.Rh3 e4 24.dxe4 Ke5 25.Rxh7 Kxe4 26.Rxf7 Rd7 27.
Rxd7 Bxd7 28.Ne6 Rc8+ 29.Kd2 d3 30.Re1+ Kxf5 31.Nd4+ Kg4 32.Kxd3 1-0

[Event "zonal 1.8"]
[Site "Mykolaiv  UKR"]
[Date "1995.03.??"]
[Round "8"]
[White "Lerner, Konstantin"]
[Black "Fedorov, Alexei"]
[Result "1-0"]
[WhiteElo "2560"]
[BlackElo "2495"]
[EventDate "1995.03.17"]
[PlyCount "111"]

1.d4 Nf6 2.Nf3 g6 3.c4 Bg7 4.g3 O-O 5.Bg2 c5 6.Nc3 Nc6 7.O-O d6 8.d5 Na5 
9.Nd2 a6 10.Qc2 Rb8 11.b3 b5 12.Rb1 h5 13.h3 e5 14.cxb5 axb5 15.b4 cxb4 
16.Rxb4 Bd7 17.Qd3 Qc8 18.Kh2 Qc5 19.a3 Rfc8 20.Nde4 Nxe4 21.Nxe4 Qc2 22.
Nxd6 Rc3 23.Qxc2 Rxc2 24.Rb2 Rxb2 25.Bxb2 Rb6 26.Bc3 Rxd6 27.Bxa5 Ra6 28.
Bb4 Bf8 29.f4 Bxb4 30.axb4 exf4 31.Rxf4 Ra2 32.Bf3 f5 33.Rd4 Kf7 34.h4 Kf6
35.Kg2 Ke5 36.Rd3 Rb2 37.Ra3 Rxb4 38.Ra6 Rb2 39.Ra3 Rb4 40.Ra6 Rb2 41.Rxg6
b4 42.Rb6 Ba4 43.Kf2 b3 44.Ke3 Bd7 45.Bxh5 Kxd5 46.Bf7+ Ke5 47.Rxb3 Rc2 
48.Ra3 Rb2 49.Bc4 Rb4 50.Ra5+ Kf6 51.Rc5 Ra4 52.Rc7 Be8 53.Kf2 Bh5 54.Rc6+
Kg7 55.Bd3 Bg4 56.h5 1-0

[Event "zonal 1.8"]
[Site "Mykolaiv  UKR"]
[Date "1995.03.??"]
[Round "8"]
[White "Stripunsky, Alexander"]
[Black "Kruppa, Yury"]
[Result "1/2-1/2"]
[WhiteElo "2495"]
[BlackElo "2555"]
[EventDate "1995.03.17"]
[PlyCount "81"]

1.d4 Nf6 2.c3 b6 3.Bg5 Bb7 4.Nd2 c5 5.Ngf3 cxd4 6.Bxf6 gxf6 7.cxd4 f5 8.e3
e6 9.Be2 Be7 10.Ne5 Nc6 11.Bf3 Nxe5 12.Bxb7 Rb8 13.dxe5 Rxb7 14.e4 Bb4 15.
O-O Qg5 16.f4 Qg4 17.exf5 Qxd1 18.Raxd1 exf5 19.Nf3 O-O 20.a3 Be7 21.Nd4 
Bc5 22.b4 Bxd4+ 23.Rxd4 Rc8 24.Rf3 Rc1+ 25.Kf2 Rc2+ 26.Kg3 Rbc7 27.Rfd3 
R7c6 28.Rd6 Ra2 29.Rf6 Rcc2 30.Rxf5 Rxg2+ 31.Kf3 Rgf2+ 32.Ke4 Rfe2+ 33.Kd5
Red2 34.Rg5+ Kf8 35.Rg3 Rxd3+ 36.Rxd3 Rxh2 37.f5 f6 38.Kd6 fxe5 39.Kxe5 
Ke7 40.f6+ Kd8 41.Rg3 1/2-1/2

[Event "zonal 1.8"]
[Site "Mykolaiv  UKR"]
[Date "1995.03.??"]
[Round "8"]
[White "Komliakov, Viktor"]
[Black "Alexandrov, Alexei"]
[Result "1/2-1/2"]
[WhiteElo "2535"]
[BlackElo "2510"]
[EventDate "1995.03.17"]
[PlyCount "132"]

1.e4 e5 2.Nf3 Nc6 3.Bc4 Bc5 4.c3 Nf6 5.d3 a6 6.Bb3 Ba7 7.Nbd2 O-O 8.h3 d5 
9.O-O dxe4 10.Nxe4 h6 11.a4 Nxe4 12.dxe4 Qf6 13.Nh2 Qg6 14.Qf3 Na5 15.Ba2 
Be6 16.b4 Nb3 17.Bxb3 Bxb3 18.Ng4 Rfe8 19.Re1 Rad8 20.Be3 Bxe3 21.Nxe3 Rd3
22.Rec1 Be6 23.a5 Bd7 24.Rd1 Bc6 25.Rxd3 Bxe4 26.Qg4 Qxg4 27.hxg4 Bxd3 28.
Rd1 e4 29.Nd5 Be2 30.Nxc7 Rc8 31.Nd5 Bxd1 32.Ne7+ Kf8 33.Nxc8 Bxg4 34.Nd6 
Ke7 35.Nxb7 Be2 36.Nc5 f5 37.Nb3 g6 38.Nd4 Bc4 39.b5 Kd6 40.b6 f4 41.g3 f3
42.g4 Bd5 43.Kf1 Bb7 44.Ke1 h5 45.gxh5 gxh5 46.Kf1 Ke5 47.Kg1 h4 48.Nc2 
Kd5 49.Ne3+ Kc5 50.Nf5 h3 51.Kh2 e3 52.Nxe3 Kb5 53.Kxh3 Kxa5 54.Kg3 Kxb6 
55.Nc4+ Kc5 56.Na3 a5 57.Kf4 a4 58.Ke3 Bc6 59.Kd3 Bb5+ 60.Ke3 Be2 61.Kd2 
Kd5 62.Ke3 Ke5 63.Nc2 Bd1 64.Na3 Kf5 65.Kd4 Kg4 66.c4 Kf5 1/2-1/2

[Event "zonal 1.8"]
[Site "Mykolaiv  UKR"]
[Date "1995.03.??"]
[Round "8"]
[White "Rakhmangulov, Andrei"]
[Black "Golubev, Mikhail"]
[Result "1-0"]
[WhiteElo "2360"]
[BlackElo "2570"]
[EventDate "1995.03.17"]
[PlyCount "121"]

1.d4 Nf6 2.Nf3 d6 3.h3 g6 4.c3 Bg7 5.Bf4 O-O 6.e3 Nbd7 7.Bc4 Qe8 8.O-O e5 
9.Bh2 Qe7 10.a4 Ne4 11.Qc2 Ng5 12.Nxg5 Qxg5 13.Nd2 Qe7 14.Nf3 a5 15.Bg3 
Nb6 16.Bb3 Bd7 17.Rfe1 Bc6 18.e4 h6 19.Bh4 Bf6 20.Bxf6 Qxf6 21.Re3 Kh7 22.
Rae1 Rab8 23.Rd1 Rbd8 24.Nh2 Qe7 25.Rde1 Kg7 26.Nf1 Qe8 27.Ra1 Qe7 28.Ng3 
Bd7 29.Qd2 c5 30.Ree1 Qg5 31.Qxg5 hxg5 32.Red1 Bc6 33.f3 Rc8 34.Rd2 Rfd8 
35.Kf2 Be8 36.Nf1 f6 37.Ne3 Bf7 38.Bxf7 Kxf7 39.Ra3 cxd4 40.cxd4 Nc4 41.
Nxc4 Rxc4 42.dxe5 fxe5 43.Rb3 Rxa4 44.Rxb7+ Ke6 45.Rd5 Ra2 46.Kg3 Rd7 47.
Rb6 a4 48.Ra5 Rc7 49.Raa6 Rc2 50.Rxd6+ Ke7 51.Re6+ Kf7 52.Rf6+ Ke7 53.Rxg6
Raxb2 54.Kg4 Rxg2+ 55.Kf5 Kf7 56.Ra7+ Kf8 57.Rf6+ Kg8 58.Kg6 Rb8 59.Kh6 
Re8 60.Rg7+ Kh8 61.Rfg6 1-0

[Event "zonal 1.8"]
[Site "Mykolaiv  UKR"]
[Date "1995.03.??"]
[Round "8"]
[White "Milov, Leonid"]
[Black "Vartapetian, Armen"]
[Result "1-0"]
[WhiteElo "2525"]
[BlackElo "2375"]
[EventDate "1995.03.17"]
[PlyCount "71"]

1.e4 c5 2.Nf3 Nc6 3.d4 cxd4 4.Nxd4 e5 5.Nb5 a6 6.Nd6+ Bxd6 7.Qxd6 Qf6 8.
Qxf6 Nxf6 9.Nc3 d5 10.exd5 Nb4 11.Bd3 Nfxd5 12.Nxd5 Nxd5 13.Bd2 Be6 14.
O-O-O f6 15.Ba5 Ne7 16.Be4 Nc6 17.Bb6 Rc8 18.Rd2 Kf7 19.b3 f5 20.Bf3 e4 
21.Bh5+ g6 22.Be2 f4 23.Re1 Rhe8 24.Kb2 Ne7 25.Rd4 Bf5 26.g4 fxg3 27.hxg3 
h5 28.Bc4+ Kg7 29.Rd6 Nc6 30.Be3 Ne5 31.Bd5 Rc7 32.Bb6 Rce7 33.Bd8 Rd7 34.
Bf6+ Kf8 35.Bxe5 Rxe5 36.Rxd7 1-0

[Event "zonal 1.8"]
[Site "Mykolaiv  UKR"]
[Date "1995.03.??"]
[Round "8"]
[White "Koutsin, Serhiy"]
[Black "Kochetkov, German"]
[Result "1-0"]
[WhiteElo "2435"]
[BlackElo "2465"]
[EventDate "1995.03.17"]
[PlyCount "81"]

1.d4 Nf6 2.c4 d6 3.Nc3 e5 4.Nf3 Nc6 5.d5 Ne7 6.e4 h6 7.c5 Ng6 8.Bb5+ Bd7 
9.c6 bxc6 10.Bxc6 Bxc6 11.dxc6 Be7 12.O-O O-O 13.Be3 Rb8 14.Rb1 Rb4 15.Qd3
Qb8 16.b3 a5 17.Nd2 Qa8 18.a3 Rbb8 19.Qc4 Nf4 20.b4 Ne6 21.b5 Rb6 22.Na4 
Bd8 23.Rfc1 Rb8 24.h3 Nh5 25.Nf3 g5 26.Nc3 Nf6 27.Rc2 Rc8 28.Nd2 Nf4 29.
Qf1 Be7 30.Qc4 d5 31.exd5 Bxa3 32.Bxf4 gxf4 33.b6 cxb6 34.Rxb6 Bb4 35.Nde4
Nd7 36.Ra6 Qb8 37.Qe2 Nc5 38.Nxc5 Bxc5 39.Nb5 f3 40.Qc4 Bb4 41.c7 1-0

[Event "zonal 1.8"]
[Site "Mykolaiv  UKR"]
[Date "1995.03.??"]
[Round "8"]
[White "Ovseevich, Sergei"]
[Black "Krivoshei, Sergei"]
[Result "0-1"]
[WhiteElo "2370"]
[BlackElo "2420"]
[EventDate "1995.03.17"]
[PlyCount "104"]

1.d4 Nf6 2.Bg5 d6 3.Nc3 Nbd7 4.e4 e5 5.Nf3 Be7 6.Bc4 O-O 7.O-O c6 8.dxe5 
dxe5 9.a4 Qc7 10.Qe2 Nc5 11.h3 Ne6 12.Be3 Nh5 13.Rfd1 Nhf4 14.Qf1 Ng5 15.
Nxg5 Bxg5 16.Ne2 Qe7 17.Ng3 g6 18.a5 h5 19.c3 Be6 20.b4 Bxc4 21.Qxc4 Ne6 
22.Nf1 Bxe3 23.Nxe3 a6 24.Qf1 Rad8 25.Nc4 Qg5 26.Rxd8 Rxd8 27.Rd1 Rxd1 28.
Qxd1 Nf4 29.Qf3 Qe7 30.Kh2 Qe6 31.Nd2 Qa2 32.Qe3 Qc2 33.Nc4 Nd3 34.Nd6 
Qxc3 35.Qf3 Qb3 36.Nxb7 Qxb4 37.Nd8 Nf4 38.g3 Qd6 39.Nb7 Qd3 40.Qxd3 Nxd3 
41.Kg2 Kf8 42.Kf3 Ke7 43.Ke3 Nb2 44.f4 Nc4+ 45.Kd3 Nb2+ 46.Kc2 h4 47.gxh4 
exf4 48.Kd2 Na4 49.Ke2 c5 50.Kf3 c4 51.Kxf4 c3 52.Ke3 f6 0-1

[Event "zonal 1.8"]
[Site "Mykolaiv  UKR"]
[Date "1995.03.??"]
[Round "8"]
[White "Guliev, Logman"]
[Black "Rogozenko, Dorian"]
[Result "1-0"]
[WhiteElo "2345"]
[BlackElo "2440"]
[EventDate "1995.03.17"]
[PlyCount "80"]

1.e4 c5 2.Nf3 e6 3.d4 cxd4 4.Nxd4 Nf6 5.Nc3 Nc6 6.Ndb5 d6 7.Bf4 e5 8.Bg5 
a6 9.Na3 b5 10.Bxf6 gxf6 11.Nd5 f5 12.Bd3 Be6 13.Qh5 Rg8 14.h3 Rxg2 15.
Qxh7 Rc8 16.c3 Qg5 17.Bf1 Bxd5 18.exd5 Nd4 19.Bxg2 Qxg2 20.O-O-O b4 21.Nc2
bxc3 22.Nxd4 Qxf2 23.bxc3 Rxc3+ 24.Kb1 exd4 25.Rhe1+ Re3 26.Rf1 Qg2 27.
Qxf5 Qe4+ 28.Qxe4+ Rxe4 29.Rde1 Re5 30.Kc2 Ke7 31.Kd3 Bg7 32.Rxe5+ dxe5 
33.d6+ Kxd6 34.Rxf7 Bh8 35.Ke4 Kc5 36.h4 Kc4 37.h5 Kc3 38.h6 d3 39.Rc7+ 
Kb2 40.Kxd3 Kxa2 1-0

[Event "zonal 1.8"]
[Site "Mykolaiv  UKR"]
[Date "1995.03.??"]
[Round "9"]
[White "Fedorov, Alexei"]
[Black "Stripunsky, Alexander"]
[Result "0-1"]
[WhiteElo "2495"]
[BlackElo "2495"]
[EventDate "1995.03.17"]
[PlyCount "86"]

1.e4 c5 2.Nf3 Nc6 3.d3 g6 4.g3 Bg7 5.Bg2 d6 6.O-O e5 7.Nc3 Nge7 8.Nd2 h5 
9.Nc4 Nd4 10.a4 Bg4 11.f3 Be6 12.Nb5 Nxb5 13.axb5 h4 14.c3 hxg3 15.hxg3 
Nc8 16.Ne3 Nb6 17.Qe2 Qd7 18.c4 f5 19.Bd2 Bf6 20.Nd5 Bxd5 21.exd5 f4 22.
Bxf4 O-O-O 23.Be3 Kb8 24.Kf2 g5 25.Rh1 Rhf8 26.Bh3 Qg7 27.Kg2 e4 28.dxe4 
Bxb2 29.Ra2 Be5 30.Rc2 Rh8 31.Rcc1 Rh6 32.Rh2 Bf4 33.gxf4 gxf4+ 34.Kh1 
fxe3 35.Qxe3 Rdh8 36.Rg1 Qd4 37.Qxd4 cxd4 38.Kg2 d3 39.c5 dxc5 40.d6 d2 
41.Kf2 Rxd6 42.Ke2 Nc4 43.Rd1 Rhd8 0-1

[Event "zonal 1.8"]
[Site "Mykolaiv  UKR"]
[Date "1995.03.??"]
[Round "9"]
[White "Rogozenko, Dorian"]
[Black "Frolov, Artur"]
[Result "1/2-1/2"]
[WhiteElo "2440"]
[BlackElo "2545"]
[EventDate "1995.03.17"]
[PlyCount "47"]

1.d4 Nf6 2.c4 g6 3.g3 Bg7 4.Bg2 O-O 5.Nc3 c6 6.e4 d6 7.Nf3 Qa5 8.O-O Qh5 
9.Ng5 Qxd1 10.Rxd1 e5 11.d5 c5 12.Bh3 Nbd7 13.a3 h6 14.Nf3 a5 15.b3 Rd8 
16.Bd2 Nb6 17.Bxc8 Rdxc8 18.a4 Nbd7 19.Ne1 Ne8 20.g4 Nc7 21.Nc2 Kh7 22.Rf1
Bf6 23.Kg2 Kg7 24.Rh1 1/2-1/2

[Event "zonal 1.8"]
[Site "Mykolaiv  UKR"]
[Date "1995.03.??"]
[Round "9"]
[White "Malaniuk, Volodymyr"]
[Black "Guliev, Logman"]
[Result "1-0"]
[WhiteElo "2615"]
[BlackElo "2345"]
[EventDate "1995.03.17"]
[PlyCount "137"]

1.d4 Nf6 2.c4 g6 3.Nc3 Bg7 4.e4 d6 5.Nf3 O-O 6.h3 e5 7.d5 Nbd7 8.Be3 a5 9.
Nd2 Nh5 10.g3 Nc5 11.Be2 b6 12.Bxh5 gxh5 13.Qxh5 f5 14.Qe2 f4 15.Bxc5 bxc5
16.g4 Bf6 17.a4 Bd7 18.Nb5 Kh8 19.Kd1 Rg8 20.Kc2 Rg7 21.Ra3 Bh4 22.Raa1 
Bf6 23.Kb3 Qb8 24.Ka3 Qb7 25.Rag1 Rag8 26.Qe1 Bh4 27.Rh2 Qb6 28.Ka2 Rg6 
29.Nb3 R6g7 30.Rhh1 Ra8 31.Nd2 Rag8 32.Qe2 Bf6 33.Rc1 Qb7 34.Rc3 Ra8 35.
Qe1 Bh4 36.Rc2 Qb6 37.Ka3 Qb7 38.Rc3 Qc8 39.Rc1 Qb7 40.Nf3 Bf6 41.Rc3 Qc8 
42.Rb3 Ra6 43.Nd2 Bh4 44.Nc3 Rb6 45.Rb5 Bxb5 46.cxb5 Rb8 47.Nc4 Ra8 48.Nb1
Kg8 49.Nbd2 Qe8 50.Qe2 h5 51.f3 hxg4 52.hxg4 Rh7 53.Nb3 Qg6 54.Nbxa5 Bg3 
55.Rxh7 Qxh7 56.Nc6 Qh1 57.a5 Qa1+ 58.Kb3 Kg7 59.a6 Rh8 60.a7 Ra8 61.b6 
Qa6 62.bxc7 Qb7+ 63.Kc2 Qxc7 64.Qd2 Bh4 65.Qa5 Qxa5 66.N4xa5 Bd8 67.Nc4 
Bc7 68.Kb3 Kf7 69.Ka4 1-0

[Event "zonal 1.8"]
[Site "Mykolaiv  UKR"]
[Date "1995.03.??"]
[Round "9"]
[White "Iordachescu, Viorel"]
[Black "Guliev, Sarkhan"]
[Result "1-0"]
[WhiteElo "2425"]
[BlackElo "2470"]
[EventDate "1995.03.17"]
[PlyCount "55"]

1.e4 c6 2.d4 d5 3.e5 Bf5 4.Nf3 e6 5.Be2 c5 6.Be3 Qb6 7.Nc3 Nc6 8.O-O c4 9.
b3 cxb3 10.axb3 Nge7 11.Nb5 Ng6 12.c4 Be7 13.c5 Qd8 14.Nd6+ Bxd6 15.exd6 
O-O 16.Qd2 a5 17.Bb5 Nb4 18.Rfc1 h6 19.Ne5 f6 20.Nd7 Rf7 21.Nb6 Ra7 22.
Qxb4 axb4 23.Rxa7 Rf8 24.Rca1 Bd3 25.Bxd3 f5 26.Ra8 Qh4 27.g3 Qh5 28.d7 
1-0

[Event "zonal 1.8"]
[Site "Mykolaiv  UKR"]
[Date "1995.03.??"]
[Round "9"]
[White "Vartapetian, Armen"]
[Black "Ovseevich, Sergei"]
[Result "0-1"]
[WhiteElo "2375"]
[BlackElo "2370"]
[EventDate "1995.03.17"]
[PlyCount "73"]

1.e4 c5 2.Nf3 Nc6 3.d4 cxd4 4.Nxd4 g6 5.Nxc6 bxc6 6.Qd4 Nf6 7.e5 Nd5 8.c4 
Nb4 9.Qc3 c5 10.e6 f6 11.a3 Nc6 12.exd7+ Qxd7 13.Be3 Nd4 14.Nd2 Bb7 15.Nb3
e5 16.f3 Rd8 17.Bxd4 exd4 18.Qd2 Bd6 19.O-O-O O-O 20.Bd3 Rb8 21.Bc2 Ba6 
22.Qd3 Qf7 23.Nd2 Bf4 24.b3 Rfe8 25.Rde1 f5 26.Kd1 Re3 27.Rxe3 dxe3 28.Nb1
Bg5 29.Ke2 Bf6 30.Rd1 Rd8 31.Qxd8+ Bxd8 32.Rxd8+ Kg7 33.Nc3 Qf6 34.Rd3 f4 
35.g3 g5 36.Na4 Bc8 37.Rd5 0-1

[Event "zonal 1.8"]
[Site "Mykolaiv  UKR"]
[Date "1995.03.??"]
[Round "10"]
[White "Romanishin, Oleg"]
[Black "Brodsky, Mikhail"]
[Result "1-0"]
[WhiteElo "2595"]
[BlackElo "2535"]
[EventDate "1995.03.17"]
[PlyCount "151"]

1.d4 Nf6 2.Nf3 d5 3.c4 e6 4.g3 dxc4 5.Bg2 Nc6 6.Qa4 Bb4+ 7.Bd2 Nd5 8.Qb5 
O-O 9.Bc3 e5 10.dxe5 Be6 11.O-O a6 12.Qa4 Bf5 13.Nh4 Bxb1 14.Raxb1 Bxc3 
15.Qxc4 Bxe5 16.Bxd5 Qf6 17.Bxc6 bxc6 18.b3 Rfb8 19.Rbc1 Rb6 20.Nf3 Bd6 
21.Qd3 a5 22.Rc4 c5 23.Rd1 Rb4 24.Nd2 Bf8 25.Ne4 Qe5 26.Nc3 Re8 27.e3 Re6 
28.Rc1 Qh5 29.Qd5 Qh3 30.Qg2 Qf5 31.h4 c6 32.Qf1 Rxc4 33.Qxc4 Rd6 34.Qe2 
Rd3 35.Na4 Qd5 36.Nc3 Rd2 37.Nxd5 Rxe2 38.Nc3 Rb2 39.Rd1 Rc2 40.Rd3 g6 41.
Kf1 Bg7 42.Ne4 Bf8 43.Rd2 Rc1+ 44.Ke2 c4 45.bxc4 Rxc4 46.Kd3 Ra4 47.Rc2 
Ra3+ 48.Ke2 Bb4 49.g4 Kg7 50.f4 h6 51.h5 gxh5 52.gxh5 Kf8 53.Ng3 Ke8 54.
Nf5 Bf8 55.Rxc6 Rxa2+ 56.Kf3 Rd2 57.Ra6 Bb4 58.Nxh6 Rh2 59.Ng4 Rh1 60.Ke4 
f5+ 61.Kxf5 Rxh5+ 62.Ke6 Kd8 63.f5 Kc7 64.Ra8 Rh4 65.Nf6 Kb7 66.Rg8 a4 67.
Nd5 Re4+ 68.Kd7 Bc5 69.Rg1 Rc4 70.Rb1+ Ka7 71.f6 a3 72.Rb5 Bf8 73.Ra5+ Kb7
74.f7 Rc5 75.Rxc5 Bxc5 76.Nc3 1-0

[Event "zonal 1.8"]
[Site "Mykolaiv  UKR"]
[Date "1995.03.??"]
[Round "10"]
[White "Malaniuk, Volodymyr"]
[Black "Alexandrov, Alexei"]
[Result "1-0"]
[WhiteElo "2615"]
[BlackElo "2510"]
[EventDate "1995.03.17"]
[PlyCount "95"]

1.d4 Nf6 2.Nf3 e6 3.e3 b6 4.Bd3 Bb7 5.O-O Be7 6.b3 O-O 7.Bb2 c5 8.c4 d6 9.
Nbd2 Nc6 10.a3 a5 11.Qc2 h6 12.Bc3 d5 13.Rfd1 Ra7 14.dxc5 bxc5 15.cxd5 
exd5 16.e4 a4 17.exd5 Nxd5 18.Bb2 Nf4 19.Bf1 Qd5 20.Nc4 Nh3+ 21.Kh1 axb3 
22.Rxd5 bxc2 23.Rd2 Rd8 24.Rxc2 Nd4 25.Nxd4 cxd4 26.Ne5 Nf4 27.f3 d3 28.
Rd2 f6 29.Nc4 Ra4 30.Nb6 Ra6 31.Nc4 Bc5 32.Rdd1 Bc6 33.Bc1 Ba4 34.Bxf4 
Bxd1 35.Rxd1 Ra4 36.Rxd3 Rxd3 37.Bxd3 Bxa3 38.h4 g5 39.Bg3 Bc5 40.h5 Kg7 
41.Kh2 Ra2 42.Bg6 Re2 43.Bd6 Bd4 44.Bc7 Re1 45.Nd2 Rc1 46.Bd6 Rc6 47.Bg3 
Rc5 48.Ne4 1-0